| 000 | 00607nam a22002057a 4500 | ||
|---|---|---|---|
| 003 | OSt | ||
| 005 | 20140310182453.0 | ||
| 008 | 130627t xxu||||| |||| 00| 0 eng d | ||
| 020 | _a9715845010 | ||
| 050 |
_aQD 33.2 _b.B149 2007 |
||
| 100 |
_aBaguio, Saranay M. _98186 |
||
| 245 |
_aBreaking through chemistry / _cSaranay M. Baguio and Rose Mary B. Butaran. |
||
| 260 |
_aQuezon City : _bC & E Publishing, _cc2006. |
||
| 300 | x |
_axiii, 562 p. ; _c26 cm. _bill. ; |
|
| 541 | _j1 | ||
| 562 | _e1 | ||
| 650 |
_aChemistry _91508 |
||
| 700 |
_aButaran, Rose Mary B. _98187 |
||
| 942 |
_2lcc _cSSLC |
||
| 999 |
_c13694 _d13694 |
||